La platería de la catedral de Santo Domingo, primada de América (Record no. 8096)

MARC details
000 -LEADER
campo de control de longitud fija 01170nam a22002657a 4500
001 - NÚMERO DE CONTROL
campo de control 32243
005 - FECHA Y HORA DE LA ÚLTIMA TRANSACCIÓN
campo de control 20250522045807.0
008 - DATOS DE LONGITUD FIJA--INFORMACIÓN GENERAL
campo de control de longitud fija 5232271993 dr a
020 ## - NÚMERO INTERNACIONAL ESTÁNDAR DEL LIBRO
Número Internacional Estándar del Libro 84-7952-114-7
040 ## - FUENTE DE CATALOGACIÓN
Centro catalogador/agencia de origen DO-BaUCT
Lengua de catalogación spa
Normas de descripción aacr
041 0# - CÓDIGO DE IDIOMA
Código de lengua del texto/banda sonora o título independiente spa
082 0# - NÚMERO DE LA CLASIFICACIÓN DECIMAL DEWEY
Número de clasificación RD 726.52
Número de ítem C8892p
100 1# - ENTRADA PRINCIPAL--NOMBRE DE PERSONA
Nombre de persona Cruz Valdovinos, José Manuel
Término indicativo de función/relación autor
245 13 - MENCIÓN DEL TÍTULO
Título La platería de la catedral de Santo Domingo, primada de América
Mención de responsabilidad, etc. José Manuel Cruz Valdovinos, Andrés Escalera Ureña, Eugenio Pérez Montás, editor.
260 3# - PUBLICACIÓN, DISTRIBUCIÓN, ETC.
Lugar de publicación, distribución, etc. Santo Domingo, República Dominicana :
Nombre del editor, distribuidor, etc. Patronato de la Ciudad Colonial de Santo Domingo
Fecha de publicación, distribución, etc. 1993
300 ## - DESCRIPCIÓN FÍSICA
Extensión 332 páginas :
Otros detalles físicos ilustraciones ;
Dimensiones 29 cm
336 ## - TIPO DE CONTENIDO
Fuente rdacontent
Término de tipo de contenido texto
Código de tipo de contenido txt
337 ## - TIPO DE MEDIO
Fuente rdacontent
Nombre/término del tipo de medio sin mediación
Código del tipo de medio n
338 ## - TIPO DE SOPORTE
Fuente rdacarrier
Nombre/término del tipo de soporte volumen
Código del tipo de soporte nc
490 0# - MENCIÓN DE SERIE
Mención de serie Serie Catedral Primada.
-- Colección Quinto Centenario ;
504 ## - NOTA DE BIBLIOGRAFÍA, ETC.
Nota de bibliografía, etc. Nota Incluye Bibliografía.
650 #4 - PUNTO DE ACCESO ADICIONAL DE MATERIA--TÉRMINO DE MATERIA
Término de materia o nombre geográfico como elemento de entrada Iglesias -
-- Platería -
-- Catedral de Santo Domingo
-- Platería -
Subdivisión general Coleccionistas y Colecciones -
-- Decoración y Ornamentación
-- Catálogo
Subdivisión cronológica República Dominicana
700 1# - ENTRADA AGREGADA--NOMBRE PERSONAL
Nombre de persona Pérez Montás, Eugenio
-- Escalera Ureña, Andrés
700 1# - ENTRADA AGREGADA--NOMBRE PERSONAL
Término indicativo de función/relación editor
-- autor
Holdings
Estatus retirado Estado de pérdida Estado de daño No para préstamo Colección Biblioteca de origen Biblioteca actual Fecha de adquisición Total de préstamos Signatura topográfica completa Código de barras Visto por última vez Copia número Precio de reemplazo Tipo de ítem Koha
        Acervo general de Libros Biblioteca Central Mons. Favio M. Rivas S. Biblioteca Central Mons. Favio M. Rivas S. 01/02/2023   RD 726.52 000000010953 23/05/2025 1 23/05/2025 Libros